000
00295nam a22001337a 4500
008
170627b xxu||||| |||| 00| 0 eng d
020
_a
9780312137243
041
_a
eng
080
_a
821
100
_a
21
101
_a
GJL
245
_a
LANDSCAPES AND LANGUAGE
_c
CUTCHIN, K.L
942
_2
udc
_c
BK
999
_c
19206
_d
19206